00720nam a2200241 a 4500001001300000003000900013005001700022008004100039020001000080082001600090100002800106245004900134260003700183300000900220500003500229505001000264650003000274700002800304902000800332942000700340952011600347999001500463nice12345678IN_TiNIC20260116011417.0050524s1944 para grd 000 0 ara  ac10000a492.73bVAU aVaux, Le Baron Carra De aTableau Des Racines Semitiques, Arabe-Hebreu aParisbLibrairie Orientalec1944 a121p aincludes index and biblioraphy2 aIndex aDictionary-Arabic English1 aVaux, Le Baron Carra De bSRS cBK 001040708StackRoom-aHMIbHMId2007-06-07g100.00l0o492.73 VAUp04901r2007-06-07v100.00w2005-05-24yBK c1291d1291